| 000 | 00692nam a22002177a 4500 | ||
|---|---|---|---|
| 999 |
_c3755 _d3755 |
||
| 003 | AR-CdUCM | ||
| 008 | 190307b ||||| |||| 00| 0 spa d | ||
| 040 |
_aMUNICIPALIDAD PROVINCIAL DEL CUSCO _cBIBLIOTECA MUNICIPAL DEL CUSCO |
||
| 082 |
_27ed. _a828.9 / _bG79 |
||
| 100 |
_aGreene, Graham _91162 |
||
| 245 | _aEl Ministerio del Miedo / | ||
| 260 |
_aBuenos Aires : _bEmecé Editores ; _c1967. |
||
| 300 |
_a219 páginas ; _c17cm |
||
| 440 |
_aColección Piragua _n1 _912144 |
||
| 505 | _aContenido: Novela | ||
| 650 |
_aLiteratura inglesa _91015 |
||
| 650 |
_aLiteratura siglo XX _91173 |
||
| 700 |
_aAcosta Van Praet, Marta (traducción) _912145 |
||
| 942 |
_2ddc _cLIBROS |
||
| 945 | _anom | ||